| 000 | 00590nam a22001931a 4500 | ||
|---|---|---|---|
| 001 | 1683 | ||
| 003 | OSt | ||
| 005 | 20260204211743.0 | ||
| 008 | 040120s1995||||dr ||||||b||||||||||spa|| | ||
| 050 | _aRD 371.422 R147o | ||
| 082 | _aRD 371.422 R147o | ||
| 100 | _aRamos, Milcia | ||
| 245 | _aOrientación profesional: una nueva perspectiva para mejorar los servicios de salud e higiene mental en Santo Domingo / Milcia Ramos | ||
| 264 | _aSanto Domingo : Imp. Gráfica | ||
| 300 | _a183 p. | ||
| 500 | _aIncluye ibliografía | ||
| 650 | _a1.Educación - OrientaciónÌ | ||
| 942 |
_2ddc _cBK |
||
| 999 |
_c1683 _d1683 |
||